Statistics for Pairs #9

Click here to take the quiz!

General Stats

  • This quiz has been taken 78 times
  • The average score is 22 of 25

Answer Stats

HintAnswer% Correct
SaltPepper
97%
KingQueen
97%
YinYang
97%
EyesEars
96%
FastFurious
96%
UpsDowns
94%
PaperPencil
94%
AboveBeyond
93%
DivideConquer
93%
HamEggs
93%
LatestGreatest
93%
ZeroesOnes
91%
AlasAlack
90%
NameShame
88%
TeaCrumpets
87%
CarDriver
85%
BaitTackle
85%
GinBitters
84%
OffAway
82%
CashCarry
81%
RapePillage
79%
BallsStrikes
78%
Make doMend
76%
WarpWeft
66%
DiveDrive
60%

Score Distribution

Percentile by Number Answered

Percent of People with Each Score

Your Score History

You have not taken this quiz